000 01031cab a2200289 4500
001 WB3125-12
008 090401t1995 xxu||||| |||| 00| 0 eng d
035 _a(Sirsi) u15132
041 _aeng
245 _aHousing blight waste
260 _c1995
350 _a0
490 _aIndependent
_v29 June 1995, 8
490 _aDaily Telegraph
_v29 June 1995, 9(1)
520 _aThe Commons Public Accounts Committee has criticised the unnecessary purchase of houses by the DTp in connection with road schemes. In many cases property is unaffected by the roadbuilding and are left empty.
650 _aBLIGHT
650 _aCompulsory purchase
_96228
650 _aDEPARTMENT OF TRANSPORT
650 _aEMPTY PROPERTY
650 _aHC PUBLIC ACCOUNTS COMMITTEE
650 _aHOUSING MANAGEMENT
650 _aNATIONAL AUDIT OFFICE
650 _aProperty management
_96262
690 _aENVIRONMENTAL AND LAND CONSULTANCY-PLANNING AND DEVELOPMENT-COMPULSORY PURCHASE AND COMPENSATION
942 _n0
948 _c04/03/1997
999 _c9888
_d9888